书目信息 |
| 题名: |
城市综合管廊工程施工技术指南
|
|
| 作者: | 沈勇 主编 | |
| 分册: | ||
| 出版信息: | 北京 中国建筑工业出版社 2018.01 |
|
| 页数: | 168页 | |
| 开本: | 24cm | |
| 丛书名: | 城市综合管廊建设与管理系列指南 | |
| 单 册: | ||
| 中图分类: | TU990.3 | |
| 科图分类: | ||
| 主题词: | 市政工程--shi zheng gong cheng--地下管道--管道施工--指南 | |
| 电子资源: | ||
| ISBN: | 978-7-112-21530-0 | |
| 000 | 01080nam 2200253 450 | |
| 001 | 0100002210 | |
| 005 | 20190305142325.66 | |
| 010 | @a978-7-112-21530-0@dCNY48.00 | |
| 100 | @a20180321d2018 em y0chiy50 ea | |
| 101 | 0 | @achi |
| 102 | @aCN@b110000 | |
| 105 | @aak a 000yy | |
| 200 | 1 | @a城市综合管廊工程施工技术指南@Acheng shi zong he guan lang gong cheng shi gong ji shu zhi nan@f本书主编沈勇 |
| 210 | @a北京@c中国建筑工业出版社@d2018.01 | |
| 215 | @a168页@c图@d24cm | |
| 225 | 2 | @a城市综合管廊建设与管理系列指南@Acheng shi zong he guan lang jian she yu guan li xi lie zhi nan |
| 320 | @a有书目 (第168页) | |
| 330 | @a本书针对综合管廊在建设中的施工及验收阶段进行综合指导, 对各建设主体和监管主体均有指导作用, 有利于综合管廊建设“事前控制”。主要包括: 施工准备、测量、明挖法施工、浅埋暗挖法施工、盾构法施工等。 | |
| 410 | 0 | @12001 @a城市综合管廊建设与管理系列指南 |
| 606 | 0 | @a市政工程@Ashi zheng gong cheng@x地下管道@x管道施工@j指南 |
| 690 | @aTU990.3@v5 | |
| 701 | 0 | @a沈勇@Ashen yong@4主编 |
| 801 | 0 | @aCN@c20180910 |
| 905 | @a河南城建学院图书馆@dTU990.3@eS422 | |
| 城市综合管廊工程施工技术指南/本书主编沈勇.-北京:中国建筑工业出版社,2018.01 |
| 168页:图;24cm.-(城市综合管廊建设与管理系列指南) |
| ISBN 978-7-112-21530-0:CNY48.00 |
| 本书针对综合管廊在建设中的施工及验收阶段进行综合指导, 对各建设主体和监管主体均有指导作用, 有利于综合管廊建设“事前控制”。主要包括: 施工准备、测量、明挖法施工、浅埋暗挖法施工、盾构法施工等。 |
| ● |
| 相关链接 |
|
|
|
正题名:城市综合管廊工程施工技术指南
索取号:TU990.3/S422
 
预约/预借
| 序号 | 登录号 | 条形码 | 馆藏地/架位号 | 状态 | 备注 |
| 1 | 1305456 | 213054567 | 建筑库201/201建筑库 125排2列6层/ [索取号:TU990.3/S422] | 在馆 | |
| 2 | 1386358 | 213863586 | 建筑库201/201建筑库 125排2列6层/ [索取号:TU990.3/S422] | 在馆 | |
| 3 | 1386359 | 213863595 | 建筑库201/201建筑库 125排2列6层/ [索取号:TU990.3/S422] | 在馆 |